| 000 | 01408cam a2200253 4500 | ||
|---|---|---|---|
| 001 | ABS66713 | ||
| 008 | 030520n2003 000 0 eng u | ||
| 035 | _a(Sirsi) u122326 | ||
| 100 | _aJones, C | ||
| 245 | _aHome security | ||
| 260 | _c2003 | ||
| 490 |
_aInside Housing _v20(15) 18 April 2003, 20-21(2) |
||
| 520 | _aPresents findings from the author's study of the evolution of the right to buy, research which has played a major role in the formation of government policy. Analyses the results of a survey of right to buy applicants in five case study areas showing changes in the profile of the stereotypical right to buy purchaser. The latter is now younger and more diverse than buyers in the 1990s or earlier and has lived in his\her home for only six to 10 years before purchase. Concludes that many families now exercising their right to buy are not necessarily served by the standard mortgages available or have the finances to purchase their home. Tables cover by area the age of applicants and their length of residency. The study "Exploitation of the right to buy scheme by companies" (ISBN 1851126147) is available at www.odpm.gov.uk. | ||
| 590 | _aABS | ||
| 650 | _aBIRMINGHAM | ||
| 650 | _aCAMDEN | ||
| 650 | _aHAVERING | ||
| 650 | _aLAMBETH | ||
| 650 | _aLEEDS | ||
| 650 | _aRIGHT TO BUY | ||
| 650 | _aCOUNCIL HOUSING | ||
| 690 |
_aAffordable housing _96215 |
||
| 942 | _n0 | ||
| 999 |
_c72694 _d72694 |
||